Analýza nákladov v a.s. ISTROCHEM, Bratislava : Diplomová práca

Salvato in:
Dettagli Bibliografici
Autore principale: Šefčovič, Branislav (Autore)
Altri autori: Horváthová, Martina, 1971- (xxx)
Natura: Manoscritto Libro
Lingua:slovacco
Pubblicazione: Trnava : STU v Bratislave MtF KMK, 1999
Soggetti:
Tags: Aggiungi Tag
Nessun Tag, puoi essere il primo ad aggiungerne!!

MARC

LEADER 00000ntm a22000003a 4500
001 stu53051
005 20160719155217.1
008 000407s1999----xo------------------slo-d
040 |a STU  |b slo 
041 0 |a slo 
044 |a xo 
100 1 |a Šefčovič, Branislav  |4 aut 
245 1 |a Analýza nákladov v a.s. ISTROCHEM, Bratislava :  |b Diplomová práca 
260 |a Trnava :  |b STU v Bratislave MtF KMK,  |c 1999 
300 |a 56 s  |c výťah 
650 7 |a Náklady-analýza  |2 stusub 
650 7 |a manažment priemyselných podnikov  |2 stusub 
700 1 |a Horváthová, Martina,  |d 1971-  |4 xxx  |u M4000  |U MTF Materiálovotechnologická fakulta  |T MTF Ústav priemyselného inžinierstva a manažmentu  |X 1507  |U M4000  |Y 84  |7 A000001507